Úrazy a záchranné akcie vo Vysokých Tatrách

Podrobná bibliografia
Ďalší autori: Janiga, Jozef (apd)
Médium: Článok
Jazyk:slovenčina
Fyzický popis:Fotogr.
Predmet:

MARC

LEADER 00000nab a2200000 a 4500
001 vtls000730961
003 SK-MaSNL
005 20260303204157.0
008 180911c1999 xo 0 slo
015 |a SNBRB2000/10-21890 
035 |a CLN000083087 
040 |a SNKBUCL  |b slo  |c SNKBUCL  |e AACR2 
041 0 |a slo 
044 |a xo  |c SK 
080 |a 614.8  |2 1997 
245 0 0 |a Úrazy a záchranné akcie vo Vysokých Tatrách  |c pripravil Jozef Janiga 
300 |b Fotogr. 
648 7 |a september-október 1998  |2 snkbucl  |9 1237608 
650 0 7 |a úrazy  |2 SNKPH  |9 123733 
650 0 7 |a záchranné práce  |2 SNKPH  |9 29494 
651 7 |a Vysoké Tatry (Poľsko a Slovensko : pohorie)  |2 SNKPHgeo  |9 67729 
655 7 |a články z novín a časopisov  |2 snkbucl  |9 267496 
700 1 |a Janiga, Jozef  |4 apd  |9 278443 
773 0 |t Tatry  |g Roč. 38, č. 1 (1999), s. 27 
850 |a Slovenská národná knižnica v Martine 
852 |a SNK  |b KIS3GCP 
958 |a SK 
958 |a MI 
958 |a RBX 
999 |c 2188779  |d 2190709